Central Library OPAC University of Rajshahi

Text book of basic democracy & local government in Pakistan / (Record no. 22867)

MARC details
000 -LEADER
fixed length control field 00830nam a2200241 a 4500
001 - CONTROL NUMBER
control field 22867
003 - CONTROL NUMBER IDENTIFIER
rucl marc code BD-RjUL
005 - DATE AND TIME OF LATEST TRANSACTION
control field 20211209000849.0
008 - FIXED-LENGTH DATA ELEMENTS--GENERAL INFORMATION
fixed length control field 140309s1968 pk 001 0 eng d
035 ## - SYSTEM CONTROL NUMBER
System control number (BD-RjUL)22932
040 ## - CATALOGING SOURCE
Original cataloging agency ANL
Language of cataloging eng
Transcribing agency ANL
Modifying agency NU
-- BD-RjUL
041 ## - LANGUAGE CODE
Language code of text/sound track or separate title eng
082 04 - DEWEY DECIMAL CLASSIFICATION NUMBER
Classification number 320.9549
Author mark and year HAT 1968
Edition number 23
100 1# - MAIN ENTRY--PERSONAL NAME
Personal name Hasan, Masudul
9 (RLIN) 15813
245 10 - TITLE STATEMENT
Title Text book of basic democracy & local government in Pakistan /
Statement of responsibility, etc. Masadul Hasan ; with a foreword by Mian Muhammad Yasin Khan Wattoo.
246 3# - VARYING FORM OF TITLE
Title proper/short title Basic democracy and local government in Pakistan
260 ## - PUBLICATION, DISTRIBUTION, ETC. (IMPRINT)
Place of publication, distribution, etc. Lahore :
Name of publisher, distributor, etc. All Pakistan Legal Decisions,
Date of publication, distribution, etc. 1968.
300 ## - PHYSICAL DESCRIPTION
Pagination ii, 551 p. ;
Size 24 cm.
504 ## - BIBLIOGRAPHY, ETC. NOTE
Bibliography, etc Includes index.
651 #0 - SUBJECT ADDED ENTRY--GEOGRAPHIC NAME
Geographic name Pakistan
General subdivision Politics and government.
9 (RLIN) 6486
700 ## - ADDED ENTRY--PERSONAL NAME
Personal name Wattoo, Mian Muhammad Yasin Khan
942 ## - ADDED ENTRY ELEMENTS (KOHA)
Source of classification or shelving scheme Dewey Decimal Classification
Koha item type Books
Holdings
Lost status Source of classification or shelving scheme Damaged status Not for loan Collection code Permanent Location Current Location Shelving location Date acquired Source of acquisition Cost, normal purchase price Total Checkouts Full call number Date last seen Copy number Koha item type
  Dewey Decimal Classification     Non-fiction Central Library, University of Rajshahi Central Library, University of Rajshahi   16/07/1968 Au. Pakistan legal Decisions. 225.00   320.9549 HAT 1968 09/03/2014 C-5 Books
  Dewey Decimal Classification     Non-fiction Central Library, University of Rajshahi Central Library, University of Rajshahi   16/07/1968 Au. Pakistan legal Decisions. 225.00   320.9549 HAT 1968 09/03/2014 C-6 Books
  Dewey Decimal Classification     Non-fiction Central Library, University of Rajshahi Central Library, University of Rajshahi   30/07/1968 P.L.D 25.00   320.9549 HAT 1968 21/08/2016 C-2 Books
  Dewey Decimal Classification     Non-fiction Central Library, University of Rajshahi Central Library, University of Rajshahi   16/07/1968 All Pakistan Legal De. 25.00   320.9549 HAT 1968 22/08/2016 C-3 Books
  Dewey Decimal Classification     Non-fiction Central Library, University of Rajshahi Central Library, University of Rajshahi   30/07/1968 P.L.D. 25.00   320.9549 HAT 1968 19/11/2016 C-4 Books
  Dewey Decimal Classification   Not For Loan Non-fiction Central Library, University of Rajshahi Central Library, University of Rajshahi Reading Room 01/07/1968 Wari book cop. 25.00   320.9549 HAT 1968 25/01/2017 C-1 Books